书目信息 |
| 题名: |
几内亚
|
|
| 作者: | 福斯 著 ;复旦大学 , 上海师范大学 译 | |
| 分册: | ||
| 出版信息: | 上海 上海译文出版社 1978.1 |
|
| 页数: | 471页 | |
| 开本: | 32开 | |
| 丛书名: | ||
| 单 册: | ||
| 中图分类: | K451 | |
| 科图分类: | ||
| 主题词: | 非洲--历史 | |
| 电子资源: | ||
| ISBN: | ||
| 000 | 00692nam0 2200241 45 | |
| 001 | 0211180809 | |
| 005 | 20060808084546.40 | |
| 010 | @dCNY1.50 | |
| 091 | @a11188.9 | |
| 100 | @a20021118d1978 km y0chiy0120 ea | |
| 101 | 0 | @achi |
| 105 | @ab z 000yy | |
| 200 | 1 | @a几内亚@AJi Nei Ya@f(德)约阿希姆·福斯著@F(De)Yue A Xi Mu·Fu Si Zhu@g复旦大学,上海师范大学译 |
| 210 | @a上海@c上海译文出版社@d1978.1 | |
| 215 | @a471页@c地图@d32开 | |
| 300 | @a内部读物 | |
| 606 | 0 | @a非洲@x历史 |
| 690 | @aK451@v3 | |
| 701 | 0 | @a福斯@4著 |
| 712 | 02 | @a复旦大学@AFu Dan Da Xue@4译 |
| 712 | 02 | @a上海师范大学@AShang Hai Shi Fan Da Xue@4译 |
| 801 | @aCN@bTSTC@c20060808 | |
| 905 | @f1@b228468@dK451@e9 | |
| 几内亚/(德)约阿希姆·福斯著/复旦大学,上海师范大学译.-上海:上海译文出版社,1978.1 |
| 471页:地图;32开 |
| 内部读物 |
| ISBN :CNY1.50 |
| ● |
| 相关链接 |
|
|
|
|
正题名:几内亚
索取号:K451/9
 
预约/预借
| 序号 | 登录号 | 条形码 | 馆藏地/架位号 | 状态 | 备注 |
| 1 | 0219146 | 001730568 | 密集书库/ [索取号:K451/9] | 在馆 | |
| 2 | 0219147 | 001730559 | 密集书库/ [索取号:K451/9] | 在馆 | |
| 3 | 0219148 | 001730602 | 密集书库/ [索取号:K451/9] | 在馆 | |
| 4 | 0228468 | 001623434 | 密集书库/ [索取号:K451/9] | 在馆 | |
| 5 | 0444944 | 204449445 | 密集书库/ [索取号:K451/9] | 在馆 |